<?xml version="1.0" encoding="UTF-8"?>
<record
    xmlns:xsi="http://www.w3.org/2001/XMLSchema-instance"
    xsi:schemaLocation="http://www.loc.gov/MARC21/slim http://www.loc.gov/standards/marcxml/schema/MARC21slim.xsd"
    xmlns="http://www.loc.gov/MARC21/slim">

  <leader>01030    a2200169   4500</leader>
  <controlfield tag="003">NUST</controlfield>
  <controlfield tag="005">20221118124714.0</controlfield>
  <datafield tag="040" ind1=" " ind2=" ">
    <subfield code="c">Nust</subfield>
  </datafield>
  <datafield tag="082" ind1=" " ind2=" ">
    <subfield code="a">515.15,THO</subfield>
  </datafield>
  <datafield tag="100" ind1=" " ind2=" ">
    <subfield code="a">Thomas/ Finney </subfield>
    <subfield code="9">23730</subfield>
  </datafield>
  <datafield tag="245" ind1=" " ind2=" ">
    <subfield code="a">Thomas' calculus / </subfield>
    <subfield code="c">George B. Thomas, Jr., as revised by Maurice D. Weir, Joel Hass, Frank R. Giordano</subfield>
  </datafield>
  <datafield tag="250" ind1=" " ind2=" ">
    <subfield code="a">10th ed.</subfield>
  </datafield>
  <datafield tag="300" ind1=" " ind2=" ">
    <subfield code="a">xxv, 1256 p.:</subfield>
  </datafield>
  <datafield tag="505" ind1=" " ind2=" ">
    <subfield code="a">Preliminaries (Page-1) Limits and Continuity (Page-85) Derivatives (Page-147) Applications of Derivatives (Page-225) Integration (Page-313) Applications of Integrals (Page-393) Transcendental functions and differential Equations (Page-457) Integration techniques, L&#x2019;Hopital&#x2019;s Rule&#x2019; and Integrals (Page-539)Infinite Series (Page-607)Vectors in the Plane and Polar Functions (Page-717) Vectors and Motion in Space (Page-787) , Multi variable Functions and Their Derivatives (Page-873), Multiple Integrals (Page-975), Integration in Vector Fields (Page-1053), Appendices (Page-1143). </subfield>
  </datafield>
  <datafield tag="650" ind1=" " ind2=" ">
    <subfield code="a">Calculus</subfield>
  </datafield>
  <datafield tag="942" ind1=" " ind2=" ">
    <subfield code="2">ddc</subfield>
    <subfield code="c">BK</subfield>
    <subfield code="k">515.15,THO</subfield>
  </datafield>
  <datafield tag="999" ind1=" " ind2=" ">
    <subfield code="c">194631</subfield>
    <subfield code="d">194631</subfield>
  </datafield>
  <datafield tag="952" ind1=" " ind2=" ">
    <subfield code="0">0</subfield>
    <subfield code="1">0</subfield>
    <subfield code="2">ddc</subfield>
    <subfield code="4">0</subfield>
    <subfield code="7">0</subfield>
    <subfield code="a">MCS</subfield>
    <subfield code="b">MCS</subfield>
    <subfield code="c">GEN</subfield>
    <subfield code="d">2016-12-12</subfield>
    <subfield code="l">5</subfield>
    <subfield code="o">515.15,THO</subfield>
    <subfield code="p">MCS36320</subfield>
    <subfield code="r">2026-02-12</subfield>
    <subfield code="s">2025-10-14</subfield>
    <subfield code="w">2016-12-12</subfield>
    <subfield code="y">BK</subfield>
    <subfield code="z">Almirah No.13, Shelf No.3</subfield>
  </datafield>
</record>
